Guess The Song Title Based On The Hint #3 - Statistics

General Stats
  • This quiz has been taken 36 times
  • The average score is 10 of 15
Answer Stats
Hint Song Artist % Correct
Thoughts and images seen during sleep Dreams Fleetwood Mac
91%
Supermans weakness Kryptonite 3 Doors Down
91%
Ancient city in Italy now buried in ash Pompeii Bastille
88%
To make musical sounds with your voice SING My Chemical Romance
88%
Throwable explosive Grenade Bruno Mars
81%
Piece of playground equipment that children can go down Slide Goo Goo Dolls
81%
Yesterday evening Last Nite The Strokes
78%
Hello male sibling Hey Brother Avicii
69%
Red and green fruit with seeds + glucose Watermelon Sugar Harry Styles
59%
XXI firearms 21 Guns Green Day
56%
The opposite of arrogant HUMBLE. Kendrick Lamar
56%
A period of 7 days One Week Barenaked Ladies
53%
Impassive face hiding a persons true feelings Poker Face Lady Gaga
53%
Happening in the opposite way of what's expected, typically in an amusing way Ironic Alanis Morissette
41%
2007 comedy starring Andy Samberg and Isla Fischer Hot Rod Dayglow
16%
No matching quizzes found
Score Distribution
Percent of People with Each Score
Percentile by Number Answered
Your Score History
You have not taken this quiz